| 000 | 00670nam a2200205Ia 4500 | ||
|---|---|---|---|
| 001 | 11885 | ||
| 003 | GE_BSU | ||
| 008 | 181216s||||||||xx |||||||||||||| ||und|| | ||
| 040 | _cGE_BSU | ||
| 080 | _a57 | ||
| 245 | _aОбщие теоретические проблемы биологической продуктивности | ||
| 245 | _cХудожн.М.И.Разулевич | ||
| 260 | _aЛенинград | ||
| 260 | _bНаука | ||
| 260 | _c1969 | ||
| 300 | _a189ст.27см. | ||
| 653 | _aОбщие теоретические проблемы биологической продуктивности | ||
| 653 | _aბიოლოგია | ||
| 942 | _cBK | ||
| 999 |
_c45062 _d45062 |
||